Normal view MARC view
  • Jain, A K

Entry Personal Name

Number of records used in: 4

001 - CONTROL NUMBER

  • control field: 5732

003 - CONTROL NUMBER IDENTIFIER

  • control field: OSt

005 - DATE AND TIME OF LATEST TRANSACTION

  • control field: 20180205121605.0

008 - FIXED-LENGTH DATA ELEMENTS

  • fixed length control field: 180205|| aca||aabn | a|a d

040 ## - CATALOGING SOURCE

  • Original cataloging agency: OSt
  • Transcribing agency: OSt

100 ## - HEADING--PERSONAL NAME

  • Personal name: Jain, A K

670 ## - SOURCE DATA FOUND

  • Source citation: Work cat.: (OSt): Jain, A K, Basic Health and Physical education - VI, 2008

Powered by Koha